The Power of Collegiality A Qualitative Analysis of University Presidents' Leadership in Germany /

Nadja Bieletzki explores how university presidents lead universities. She provides insights into the upper echelons of higher education management and focuses especially on university presidents in Germany. Special attention is given to the career background of university presidents and the way they...

Πλήρης περιγραφή

Λεπτομέρειες βιβλιογραφικής εγγραφής
Κύριος συγγραφέας: Bieletzki, Nadja (Συγγραφέας, http://id.loc.gov/vocabulary/relators/aut)
Συγγραφή απο Οργανισμό/Αρχή: SpringerLink (Online service)
Μορφή: Ηλεκτρονική πηγή Ηλ. βιβλίο
Γλώσσα:English
Έκδοση: Wiesbaden : Springer Fachmedien Wiesbaden : Imprint: Springer VS, 2018.
Έκδοση:1st ed. 2018.
Σειρά:Organization & Public Management,
Θέματα:
Διαθέσιμο Online:Full Text via HEAL-Link
LEADER 03259nam a2200481 4500
001 978-3-658-20489-1
003 DE-He213
005 20191026172350.0
007 cr nn 008mamaa
008 171218s2018 gw | s |||| 0|eng d
020 |a 9783658204891  |9 978-3-658-20489-1 
024 7 |a 10.1007/978-3-658-20489-1  |2 doi 
040 |d GrThAP 
050 4 |a HM846-851 
072 7 |a JHB  |2 bicssc 
072 7 |a SOC026000  |2 bisacsh 
072 7 |a JHB  |2 thema 
082 0 4 |a 303.483  |2 23 
100 1 |a Bieletzki, Nadja.  |e author.  |4 aut  |4 http://id.loc.gov/vocabulary/relators/aut 
245 1 4 |a The Power of Collegiality  |h [electronic resource] :  |b A Qualitative Analysis of University Presidents' Leadership in Germany /  |c by Nadja Bieletzki. 
250 |a 1st ed. 2018. 
264 1 |a Wiesbaden :  |b Springer Fachmedien Wiesbaden :  |b Imprint: Springer VS,  |c 2018. 
300 |a XV, 209 p. 2 illus.  |b online resource. 
336 |a text  |b txt  |2 rdacontent 
337 |a computer  |b c  |2 rdamedia 
338 |a online resource  |b cr  |2 rdacarrier 
347 |a text file  |b PDF  |2 rda 
490 1 |a Organization & Public Management,  |x 2626-1545 
520 |a Nadja Bieletzki explores how university presidents lead universities. She provides insights into the upper echelons of higher education management and focuses especially on university presidents in Germany. Special attention is given to the career background of university presidents and the way they conduct reform projects. Based on the results from semi-structured expert interviews and their qualitative analysis, the author shows that university presidents do not use all their formal power although their position has been strengthened by law. This can be explained by the collegial characteristics of universities, which drive and restrict presidential actions. Contents Analyzing Higher Education Management Career Paths of University Presidents Understanding Reforms in Universities with Micro/Organizational Politics Target Groups Researchers and students in the fields of sociology and political sciences with a focus on higher education research and science studies Science managers at higher education and research institutions as well as ministries with an interest in scientific results of higher education research The Author Dr. Nadja Bieletzki is coordinator of the Leibniz Center for Science and Society (LCSS) at the Leibniz University of Hannover. . 
650 0 |a Technology-Sociological aspects. 
650 0 |a Political sociology. 
650 0 |a Economic sociology. 
650 1 4 |a Science and Technology Studies.  |0 http://scigraph.springernature.com/things/product-market-codes/X22270 
650 2 4 |a Political Sociology.  |0 http://scigraph.springernature.com/things/product-market-codes/X22170 
650 2 4 |a Organizational Studies, Economic Sociology.  |0 http://scigraph.springernature.com/things/product-market-codes/X22020 
710 2 |a SpringerLink (Online service) 
773 0 |t Springer eBooks 
776 0 8 |i Printed edition:  |z 9783658204884 
776 0 8 |i Printed edition:  |z 9783658204907 
830 0 |a Organization & Public Management,  |x 2626-1545 
856 4 0 |u https://doi.org/10.1007/978-3-658-20489-1  |z Full Text via HEAL-Link 
912 |a ZDB-2-SLS 
950 |a Social Sciences (Springer-41176)